[Event "AUTO-OPEN-914"]
[Site "http://www.queenalice.com/game.php?id=309729"]
[Date "2007.11.25"]
[Round "1"]
[White "dwright"]
[Black "TerribleT"]
[Result "1-0"]
[WhiteElo "1900"]
[BlackElo "1100"]

1. e4 e5 2. f4 Qh4+ 3. g3 Qf6 4. fxe5 Qb6 5. Qf3 Nh6 6. Bc4 Nc6 7. Qf4 g5 8. Qf6
Rg8 9. Nh3 Nd4 10. Bd3 d5 11. Qxb6 cxb6 12. Nf2 Be6 13. exd5 Bxd5 14. Ne4 Ng4
15. Rf1 Nxh2 16. Rf6 Be7 17. Nd6+ Kd7 18. Rh6 Nhf3+ 19. Kf1 Nh2+ 20. Rxh2 Nf3
21. Rf2 g4 22. Nc3 Bxd6 23. exd6 Kxd6 24. Nxd5 Rae8 25. Ne3 h5 26. b3 h4 27.
gxh4 g3 28. Rxf3 Re6 29. Ba3+ Kc7 30. Rxf7+ Kc8 31. Rf8+ Rxf8+ 32. Bxf8 Rf6+ 33.
Bf5+ Rxf5+ 34. Nxf5 g2+ 35. Kxg2 Kd7 36. Re1 1-0

[Event "AUTO-OPEN-914"]
[Site "http://www.queenalice.com/game.php?id=309730"]
[Date "2007.11.25"]
[Round "1"]
[White "TerribleT"]
[Black "dwright"]
[Result "0-1"]
[WhiteElo "1308"]
[BlackElo "1956"]

1. e3 e5 2. Bc4 d5 3. Bb5+ Bd7 4. Bxd7+ Qxd7 5. Nf3 Nc6 6. d4 e4 7. Ne5 Nxe5 8.
dxe5 f6 9. exf6 Nxf6 10. O-O Bd6 11. h3 O-O 12. b3 Rf7 13. Ba3 Be5 14. c3 b6 15.
Nd2 Re8 16. Rc1 Re6 17. c4 d4 18. c5 dxe3 19. fxe3 Nd5 20. c6 Rxf1+ 21. Nxf1
Rxc6 22. Rxc6 Qxc6 23. Qh5 Qe6 24. Nd2 Bc3 25. Qe2 c5 26. Nb1 Bf6 27. Bc1 Be5
28. Qa6 Qd7 29. a4 Bg3 30. Nd2 Nc3 31. Qf1 Qd6 32. Bb2 Qxd2 33. Bxc3 Qxc3 34.
Qd1 Qxe3+ 35. Kh1 Qg5 36. Qe2 Qc1+ 0-1

[Event "AUTO-OPEN-914"]
[Site "http://www.queenalice.com/game.php?id=309745"]
[Date "2007.11.25"]
[Round "1"]
[White "TerribleT"]
[Black "rgoncalves"]
[Result "0-1"]
[WhiteElo "1417"]
[BlackElo "1501"]

1. e3 d5 2. d4 Nf6 3. Bb5+ c6 4. Bd3 g6 5. Nf3 Bg7 6. c4 O-O 7. Nc3 Na6 8. O-O
Nb4 9. a3 Nxd3 10. Qxd3 dxc4 11. Qxc4 Be6 12. Qe2 b5 13. Ne5 Bd5 14. Nxd5 Qxd5
15. b4 Ne4 16. f3 Ng5 17. e4 Qxd4+ 18. Be3 Qxe5 19. Bxg5 Qxg5 20. Rad1 a6 21. f4
Qf6 22. e5 Qe6 23. Rd2 Qc4 24. Rc2 Qd4+ 25. Kh1 Rad8 26. Rxc6 e6 27. h3 Qd5 28.
Rxa6 Qd2 29. Qxb5 Rd5 30. Qc6 Qd3 31. Re1 Qg3 32. Rf1 Bh6 33. Qc4 Bxf4 34. Rxf4
Qe1+ 35. Rf1 Qxe5 36. b5 Rd4 37. Qc6 Kg7 38. Ra8 Rfd8 39. Rxd8 Rxd8 40. b6 Qe2
41. Kg1 Rd1 42. Rxd1 Qxd1+ 43. Kh2 e5 44. b7 e4 45. Qxe4 Qd6+ 46. Kh1 Qd1+ 47.
Kh2 Qd6+ 48. g3 Qd2+ 49. Kg1 Qc1+ 50. Kf2 Qb2+ 51. Kf3 Qxa3+ 52. Kf4 Qc1+ 53.
Kf3 Qc3+ 54. Kg4 f5+ 0-1

[Event "AUTO-OPEN-914"]
[Site "http://www.queenalice.com/game.php?id=309746"]
[Date "2007.11.25"]
[Round "1"]
[White "rgoncalves"]
[Black "TerribleT"]
[Result "1-0"]
[WhiteElo "1357"]
[BlackElo "1472"]

1. c3 e6 2. d4 d5 3. g3 Nf6 4. Nf3 Bd6 5. Bg2 c6 6. O-O b6 7. b3 Ba6 8. b4 O-O
9. Ne5 Nfd7 10. Nxd7 Nxd7 11. Re1 Qe7 12. e4 Nf6 13. e5 Bc7 14. b5 Bxb5 15. Ba3
c5 16. exf6 Qxf6 17. dxc5 Rfd8 18. Qd2 bxc5 19. Bxc5 Rdc8 20. Na3 Rab8 21. Nxb5
Rxb5 22. Bd4 e5 23. Bxa7 Ba5 24. Rec1 d4 25. Rab1 Rxb1 26. Rxb1 Bxc3 27. Qc2 Qa6
28. Bb7 Qxa7 29. Bxc8 Qc5 30. Ba6 h6 31. Rb8+ Qf8 32. Rxf8+ Kxf8 33. Qh7 Bb4 34.
Qh8+ Ke7 35. Qxg7 Bc5 36. Qxe5+ Kf8 37. Qxc5+ Kg8 38. Qxd4 Kf8 39. Bb5 h5 40. a4
Ke7 41. a5 Ke6 42. a6 1-0

[Event "AUTO-BEG-160"]
[Site "http://www.queenalice.com/game.php?id=310677"]
[Date "2007.11.26"]
[Round "1"]
[White "TerribleT"]
[Black "ABLANCO"]
[Result "1-0"]
[WhiteElo "1451"]
[BlackElo "1205"]

1. d4 d5 2. Nc3 c6 3. e4 Nf6 4. Bd3 Bg4 5. f3 Bc8 6. Bf4 e6 7. Nh3 Bb4 8. a3 e5
9. dxe5 Nh5 10. axb4 Nxf4 11. Nxf4 Na6 12. b5 Nc5 13. exd5 Nxd3+ 14. Qxd3 O-O
15. O-O Re8 16. Ne4 cxd5 17. Nd6 Rxe5 18. Nxf7 Re7 19. Nxd8 Rd7 20. Nfe6 a6 21.
Qf5 h6 22. Qf8+ Kh7 23. Rad1 axb5 24. Rxd5 Kg6 25. Qf5# 1-0

[Event "AUTO-BEG-160"]
[Site "http://www.queenalice.com/game.php?id=310678"]
[Date "2007.11.26"]
[Round "1"]
[White "ABLANCO"]
[Black "TerribleT"]
[Result "0-1"]
[WhiteElo "1167"]
[BlackElo "1457"]

1. e4 e5 2. Nf3 Bd6 3. d4 f6 4. c3 exd4 5. cxd4 b6 6. Bd3 Bb4+ 7. Bd2 Nc6 8. a3
Bxd2+ 9. Qxd2 Qe7 10. O-O d6 11. d5 Ne5 12. Nxe5 Qxe5 13. f4 Qd4+ 14. Rf2 Nh6
15. h3 O-O 16. Nc3 a6 17. f5 Bd7 18. Re1 Nf7 19. Re3 Rae8 20. Rg3 Ne5 21. Qf4
Nxd3 22. Qg4 Qxf2+ 23. Kh2 g6 24. fxg6 Bxg4 25. Rxg4 hxg6 26. Rxg6+ Kf7 27. Rg4
Rg8 28. b4 Rxg4 29. hxg4 Rh8# 0-1

[Event "AUTO-BEG-160"]
[Site "http://www.queenalice.com/game.php?id=310681"]
[Date "2007.11.26"]
[Round "1"]
[White "TerribleT"]
[Black "Mario_"]
[Result "1-0"]
[WhiteElo "1466"]
[BlackElo "1253"]

1. d4 Nc6 2. e4 Nf6 3. Bd3 Nxd4 4. Be3 c5 5. Bxd4 cxd4 6. Bc4 Nxe4 7. Qxd4 f5 8.
Nf3 e6 9. O-O Bc5 10. Qxg7 Rf8 11. Rd1 Qe7 12. Qxe7+ Kxe7 13. Nc3 Bxf2+ 14. Kf1
Bc5 15. Ne5 Nxc3 16. bxc3 h5 17. Ng6+ Kf7 18. Nxf8 d5 19. Nh7 dxc4 20. Ng5+ Ke7
21. h4 b5 22. Re1 1-0

[Event "AUTO-BEG-160"]
[Site "http://www.queenalice.com/game.php?id=310682"]
[Date "2007.11.26"]
[Round "1"]
[White "Mario_"]
[Black "TerribleT"]
[Result "0-1"]
[WhiteElo "1262"]
[BlackElo "1457"]

1. f4 d5 2. Nc3 g6 3. g3 Bg7 4. e3 Nc6 5. Qf3 Nf6 6. h3 a6 7. h4 Bg4 8. Qg2 O-O
9. b3 Nb4 10. d4 Bf5 11. Ba3 Nxc2+ 12. Kd1 Nxe3+ 13. Ke2 Nxg2 14. Bxg2 Bg4+ 15.
Bf3 Ne4 16. Bxg4 Nxg3+ 17. Kf2 Nxh1+ 18. Kg2 Nf2 19. Kxf2 Bxd4+ 20. Ke1 Bxc3+
0-1

[Event "AUTO-BEG-167"]
[Site "http://www.queenalice.com/game.php?id=323871"]
[Date "2007.12.21"]
[Round "1"]
[White "TerribleT"]
[Black "kahector"]
[Result "0-1"]
[WhiteElo "1404"]
[BlackElo "1465"]

1. e4 e5 2. Nf3 Nc6 3. c3 Bc5 4. b4 Be7 5. d4 d6 6. Bg5 Bxg5 7. h4 Bf6 8. Nbd2
Nge7 9. Bc4 Bg4 10. Qa4 O-O 11. h5 Bxf3 12. Nxf3 exd4 13. cxd4 Nxd4 14. Nxd4
Bxd4 15. Rd1 c5 16. Rh4 Qb6 17. bxc5 Qxc5 18. Bd5 Bxf2+ 19. Ke2 Bxh4 0-1

[Event "AUTO-BEG-167"]
[Site "http://www.queenalice.com/game.php?id=323872"]
[Date "2007.12.21"]
[Round "1"]
[White "kahector"]
[Black "TerribleT"]
[Result "1-0"]
[WhiteElo "1263"]
[BlackElo "1474"]

1. d4 d5 2. c4 dxc4 3. e4 e5 4. d5 Bb4+ 5. Bd2 Bxd2+ 6. Nxd2 c6 7. Nxc4 cxd5 8.
exd5 Nf6 9. Nxe5 Nxd5 10. Bb5+ Bd7 11. Qxd5 Rf8 12. Rd1 Qa5+ 13. Rd2 Bxb5 14.
Ne2 f6 15. Qe6# 1-0